| 000 | 01145nam a22003377a 4500 | ||
|---|---|---|---|
| 001 | BR8106646 | ||
| 003 | BR-BrBNA | ||
| 005 | 20230928091102.0 | ||
| 007 | ta | ||
| 008 | 230509b bl.||||| |||| 00| 0 por d | ||
| 040 |
_aBR-BrBNA _bpor _cBiblioteca Nacional de Agricultura |
||
| 041 | _a(Por) | ||
| 072 |
_aE50; F26 _b/G514 |
||
| 090 | _ E50 BR8106646 | ||
| 110 | 1 |
_aCentro de Treinamento em Desenvolvimento Economico, Fortaleza, CE (Brasil) _91678 |
|
| 245 | 1 |
_aUso e ocupacao do solo na area de porto, dunas e praia do futuro de Fortaleza. Instrumentos de controle [Ceara, Brasil] _b1. Curso de Desenvolvimento Urbano e Regional |
|
| 260 | 3 |
_aFortaleza, CE (Brasil): _c1981. |
|
| 300 | _a88 p. | ||
| 500 | _a24 illus. (*) Documento disponível na(o) Centro de Treinamento em Desenvolvimento Economico, Fortaleza, CE (Brazil) | ||
| 650 | _aURBANIZACAO | ||
| 650 | _aFISIOGRAFIA | ||
| 650 | _aGEOMORFOLOGIA | ||
| 650 | _aDESENVOLVIMENTO ECONOMICO | ||
| 650 | _aDECRETO-LEI | ||
| 650 | _aLEI | ||
| 650 | _aRECURSO DO SOLO | ||
| 650 | _aFORTALEZA | ||
| 650 | _aCEARA | ||
| 909 |
_a202309 _bLucia _c55 _dLucia Elande |
||
| 942 | _cBK | ||
| 999 |
_c32142 _d32142 |
||